=LDR 00000nam 2200000 4500 =001 INLIS000000000014632 =005 20130612105918 =008 ***********************************Ind** =035 ##$$0010-061300000014632 =041 ##$$a Ind =082 ##$$a 628.16 =090 ##$$a 628.16, Unt m =100 ##$$a Untung, Onny =245 ##$$a menjernihkan air kotor, Onny untung =260 ##$$a 1996 $b Jakarta =300 ##$$a iv, 27 hlm, Ilus, 21 cm =650 ##$$a Air- Distilasi =850 ##$$a NBPNMAT